000 00941cab a2200325 4500
001 ABS67603
008 040402n2004 000 0 eng u
035 _a(Sirsi) u125722
245 _aRegional survey: London Boroughs west
260 _c2004
490 _aProperty Week
_v69(12) 19 March 2004, 45-58(7)
590 _aABS
650 _aLONDON BOROUGHS WEST
650 _aWEST LONDON
650 _aFELTHAM
650 _aHAMMERSMITH
650 _aEALING
650 _aUXBRIDGE
650 _aBRENTFORD
650 _aHEATHROW
650 _aCHISWICK
650 _aSOUTHALL
650 _aGAS WORKS
650 _aMIXED-USE DEVELOPMENTS
650 _aPROPERTY-COMMERCIAL PROPERTY-OFFICE PROPERTY-OFFICE PROPERTY MARKET
650 _aPROPERTY-COMMERCIAL PROPERTY-RETAIL PROPERTY-RETAIL PROPERTY MARKET
650 _aINDUSTRIAL MARKET
690 _aPROPERTY-COMMERCIAL PROPERTY-COMMERCIAL PROPERTY MARKET
942 _n0
999 _c74348
_d74348